Moneda antigua y vida económica en las comarcas del Vinalopó / (Record no. 37777)

MARC details
000 -LEADER
campo de control de longitud fija 00932nam a2200265 i 4500
001 - NÚMERO DE CONTROL
campo de control C00038653c
005 - FECHA Y HORA DE LA ÚLTIMA TRANSACCIÓN
campo de control 20241029145115.0
008 - DATOS DE LONGITUD FIJA--INFORMACIÓN GENERAL
campo de control de longitud fija 000221s1998 sp a 001 0 spa d
020 ## - NÚMERO INTERNACIONAL ESTÁNDAR DEL LIBRO
Número Internacional Estándar del Libro 84-482-1850-7
080 ## - NÚMERO DE LA CLASIFICACIÓN DECIMAL UNIVERSAL
Número de la Clasificación Decimal Universal 737.1(460.315 Vinalopó):338(460.315)
100 1# - ENTRADA PRINCIPAL--NOMBRE DE PERSONA
Nombre de persona Alberola, Antonio.
9 (RLIN) 25500
245 10 - MENCIÓN DEL TÍTULO
Título Moneda antigua y vida económica en las comarcas del Vinalopó /
Mención de responsabilidad, etc. Antonio Alberola, Juan Manuel Abascal.
260 ## - PUBLICACIÓN, DISTRIBUCIÓN, ETC.
Lugar de publicación, distribución, etc. Valencia :
Nombre del editor, distribuidor, etc. Generalitat,
Fecha de publicación, distribución, etc. D.L. 1998.
300 ## - DESCRIPCIÓN FÍSICA
Extensión 272 p., XIII p. de lám. :
Otras características físicas il. ;
Dimensiones 23 cm.
490 0# - MENCIÓN DE SERIE
Mención de serie Estudis Numismàtics Valencians ;
Designación de volumen o secuencia 9
500 ## - NOTA GENERAL
Nota general Indices.
500 ## - NOTA GENERAL
Nota general Bibliografía.
650 ## - PUNTO DE ACCESO ADICIONAL DE MATERIA--TÉRMINO DE MATERIA
Término de materia o nombre geográfico como elemento de entrada Monedas españolas-
Subdivisión geográfica España-
-- Albacete.
9 (RLIN) 91117
651 #4 - PUNTO DE ACCESO ADICIONAL DE MATERIA--NOMBRE GEOGRÁFICO
Nombre geográfico Vinalopó (Alicante, España)
9 (RLIN) 25501
700 1# - ENTRADA AGREGADA--NOMBRE PERSONAL
Nombre de persona Abascal, Juan Manuel.
9 (RLIN) 25502
710 1# - ENTRADA AGREGADA--NOMBRE DE ENTIDAD CORPORATIVA
Nombre de entidad corporativa o nombre de jurisdicción como elemento de entrada Valencia (Comunidad Autónoma).
Unidad subordinada Generalitat.
9 (RLIN) 11750
852 42 - LOCALIZACIÓN
Número de control de estantería E-5206
Holdings
Estatus retirado Estado de pérdida Estado de daño No para préstamo Colección Biblioteca de origen Biblioteca actual Ubicación en estantería Fecha de adquisición Fuente de adquisición Total de préstamos Signatura topográfica completa Código de barras Visto por última vez Precio de reemplazo Tipo de ítem Koha
          Real Academia de la Bellas Artes de San Fernando Real Academia de la Bellas Artes de San Fernando Depósito 1 21/02/2000 C   E-5206 1040903 15/10/2024 15/10/2024 Fondo moderno

Powered by Koha